Expansión económica del estado subsidiario 1976 - 1981 /

שמור ב:
מידע ביבליוגרפי
מחבר ראשי: Schvarzer, Jorge
Autores Corporativos: Centro de Investigaciones Sociales sobre el Estado y la Administración, CISEA
פורמט: Texto
יצא לאור: Buenos Aires: CISEA
תגים: הוספת תג
אין תגיות, היה/י הראשונ/ה לתייג את הרשומה!

MARC

LEADER 00000 a a2200000 04500
001 22481
003
040
090 |a 153600  
100 |a Schvarzer, Jorge  
110 |a Centro de Investigaciones Sociales sobre el Estado y la Administración  
245 |a Expansión económica del estado subsidiario 1976 - 1981 /  |c Centro de Investigaciones Sociales sobre el Estado y la Administración  
260 |a Buenos Aires:   |b CISEA  
300 |a 141 p   |b **no definido**  
710 |a CISEA  
999 |c 1240  |d 1240